[Event "GRE-ch U12 Girls"]
[Site "Greece"]
[Date "2001.04.07"]
[Round "1"]
[White "Oikonomopoulou, Maria"]
[Black "Taggalaki, A."]
[Result "1-0"]
[WhiteElo "1565"]
[BlackElo "1290"]
[PlyCount "91"]
[EventDate "2001.04.??"]
[EventType "swiss"]
[EventRounds "7"]
[EventCountry "GRE"]
[SourceTitle "EXT 2003"]
[Source "ChessBase"]
[SourceDate "2002.11.25"]
[SourceVersion "1"]
[SourceVersionDate "2002.11.25"]
[SourceQuality "1"]

1. e4 e5 2. Nf3 Nc6 3. Bc4 Bc5 4. b4 Bxb4 5. c3 Ba5 6. d4 exd4 7. 0-0 dxc3 8. Qb3 Qe7 9. Nxc3 Bxc3 10. Qxc3 f6 11. Bf4 d6 12. Rad1 Bd7 13. Bxg8 Rxg8 14. Qb3 0-0-0 15. Rb1 Na5 16. Qa3 b6 17. Qd3 Bc6 18. Rfe1 g5 19. Bd2 Nb7 20. Nd4 Nc5 21. Nxc6 Nxd3 22. Nxe7+ Kd7 23. Nxg8 Nxe1 24. Nxf6+ Kc6 25. Bxe1 h6 26. Rc1+ Kb7 27. Nd5 Rc8 28. f3 c6 29. Ne3 b5 30. Bg3 Rd8 31. Rd1 c5 32. Bxd6 c4 33. e5 a5 34. e6 c3 35. e7 Re8 36. Nf5 c2 37. Rc1 Rg8 38. Rxc2 Kb6 39. Bc7+ Ka6 40. Nd6 b4 41. e8Q Rxe8 42. Nxe8 Kb5 43. Nd6+ Ka4 44. Nf5 b3 45. axb3+ Kxb3 46. Nd4+ 1-0